May retail sales slide (Record no. 72966)

MARC details
000 -LEADER
fixed length control field 00901cam a2200181 4500
001 - CONTROL NUMBER
control field WB3925-04
008 - FIXED-LENGTH DATA ELEMENTS--GENERAL INFORMATION
fixed length control field 030701n2003 000 0 eng u
035 ## - SYSTEM CONTROL NUMBER
System control number (Sirsi) u122840
245 ## - TITLE STATEMENT
Title May retail sales slide
260 ## - PUBLICATION, DISTRIBUTION, ETC.
Date of publication, distribution, etc. 2003
490 ## - SERIES STATEMENT
Series statement Retail Week
Volume/sequential designation 27 June 2003, 5(1)
520 ## - SUMMARY, ETC.
Summary, etc. Figures from the Office for National Statistics (ONS) show that retail sales in May 2003 were down 0.1% from April due to increases in National Insurance contributions and council tax. Retail sales increased by 0.5% in the three months to May and by 3.4% compared with the same period in 2002, the weakest annual growth rate since July 1999. ONS retail sale figures for May 2003 available at www.statistics.gov.uk/pdfdir/rs0603.pdf.
590 ## - LOCAL NOTE (RLIN)
Local note WB
650 ## - SUBJECT ADDED ENTRY--TOPICAL TERM
Topical term or geographic name entry element PROPERTY-COMMERCIAL PROPERTY-RETAIL PROPERTY-RETAIL PROPERTY MARKET
650 ## - SUBJECT ADDED ENTRY--TOPICAL TERM
Topical term or geographic name entry element RETAIL SALES
690 ## - LOCAL SUBJECT ADDED ENTRY--TOPICAL TERM (OCLC, RLIN)
Topical term or geographic name as entry element ECONOMIC ISSUES
942 ## - ADDED ENTRY ELEMENTS (KOHA)
Suppress in OPAC 0
Holdings
Withdrawn status Lost status Source of classification or shelving scheme Damaged status Not for loan Home library Current library Shelving location Date acquired Total Checkouts Full call number Barcode Date last seen Copy number Price effective from Koha item type
    Dewey Decimal Classification     London London News article 01/07/2003   WB3925-04 122840-1001 06/08/2019 1 06/08/2019 News article